ZFO Zeitschrift Führung + Organisation

Guardado en:
Detalles Bibliográficos
Formato: Seriadas
Lenguaje:alemán
Publicado: Stuttgart Schäffer-Poeschel 2004
Materias:
Etiquetas: Agregar Etiqueta
Sin Etiquetas, Sea el primero en etiquetar este registro!

MARC

LEADER 00000nas2a22000001 4500
001 0070183
005 20080130110443.7
022 |a 0722-7485 
041 0 |a ger 
044 |a DE 
245 1 0 |a ZFO  |b Zeitschrift Führung + Organisation 
264 1 |a Stuttgart  |b Schäffer-Poeschel  |c 2004 
773 0 |w eu_un_cat*s121025 
610 2 0 |a riadenie podnikové 
610 2 0 |a manažment 
610 2 0 |a organizácia riadenia